| 000 | 00347cam a22001097a 4500 | ||
|---|---|---|---|
| 008 | 180718b1981 xxu||||| |||| 00| 0 eng d | ||
| 082 | _aB7303x5434 R137 | ||
| 245 | _aRajasthan municipalities act,1959 | ||
| 260 |
_aJaipur _bRajasthan Institute of Local Self Government _c1981 |
||
| 300 | _a174p | ||
| 650 | _aMunicipal corporations --India --Rajasthan. | ||
| 999 |
_c416085 _d416085 |
||